00536nam a2200169 a 450000500170000001000170001702000260003403500170006003700270007708200160010410000450012024500740016526000280023927000330026730000210030050000450032120110330155353.0 aB-424183-190 a9780330472050c595.00 aB-424183-190 bResearchco Book Centre00a200.96090511 aNaipaul, V. S.q(Vidiadhar Surajprasad),14aThe masque of Africa :bglimpses of African belief /cby V.S. Naipaul aLondon bPicador c2010 a20 New Wharf Road, bLondon  a325p.c25cm(Hb)  aWinner of the Nobel Prize in literature